[Event "Mumbai Wealth U13 op 5th"]
[Site "Mumbai"]
[Date "2020.01.03"]
[Round "5"]
[White "Pachchigar, Aahana"]
[Black "Balkawade, Sai"]
[Result "1-0"]
[WhiteElo "1361"]
[BlackElo "1567"]
[PlyCount "73"]
[EventDate "2019.12.30"]
[EventType "swiss"]
[EventRounds "9"]
[EventCountry "IND"]
[SourceTitle "CBM 194 Extra"]
[Source "ChessBase"]
[SourceDate "2020.03.31"]
[SourceVersion "1"]
[SourceVersionDate "2020.03.31"]
[SourceQuality "1"]

1. d4 Nf6 2. Bg5 Ne4 3. Bf4 c5 4. f3 Qa5+ 5. c3 Nf6 6. d5 Qb6 7. b3 e6 8. e4 Nh5 9. Be3 exd5 10. Qxd5 Nf6 11. Qd1 Qc7 12. Nd2 Be7 13. Ne2 d5 14. Bf4 Bd6 15. Bxd6 Qxd6 16. Ng3 0-0 17. Be2 Qe7 18. 0-0 h5 19. Re1 h4 20. Ngf1 h3 21. g3 c4 22. b4 Qc7 23. Ne3 Re8 24. Bf1 b5 25. exd5 Qb6 26. Ne4 Nxe4 27. fxe4 Rxe4 28. Qf3 Re8 29. Kh1 Bb7 30. Bxh3 Na6 31. Bg2 Rad8 32. Qf4 Nc7 33. Rad1 Qd6 34. Qd4 g6 35. Ng4 Rxe1+ 36. Rxe1 Bxd5 37. Nf6+ 1-0

[Event "Mumbai Wealth op U13 4th"]
[Site "Mumbai"]
[Date "2019.01.01"]
[Round "3"]
[White "Jain, Kashish Manoj"]
[Black "Balkawade, Sai"]
[Result "1-0"]
[WhiteElo "1853"]
[BlackElo "1482"]
[PlyCount "79"]
[EventDate "2018.12.30"]
[EventType "swiss"]
[EventRounds "9"]
[EventCountry "IND"]
[SourceTitle "CBM 188 Extra"]
[Source "ChessBase"]
[SourceDate "2019.02.26"]
[SourceVersion "1"]
[SourceVersionDate "2019.02.26"]
[SourceQuality "1"]

1. Nf3 Nf6 2. g3 d5 3. Bg2 c6 4. 0-0 Bg4 5. d3 Nbd7 6. Nbd2 e5 7. e4 Bd6 8. h3 Bh5 9. Qe1 dxe4 10. dxe4 0-0 11. Nh4 Bg6 12. a4 Qe7 13. Qe2 Rfd8 14. Nc4 Nc5 15. b4 Ne6 16. c3 Bc7 17. Nxg6 hxg6 18. Be3 b5 19. axb5 cxb5 20. Na5 Bxa5 21. Rxa5 a6 22. Rfa1 Qc7 23. Rc1 Rd6 24. c4 Rc6 25. c5 Rd8 26. Rd1 Kf8 27. Ra2 Rxd1+ 28. Qxd1 Qc8 29. f3 Ke7 30. h4 Qc7 31. Bh3 Qc8 32. Rd2 Qc7 33. Kg2 a5 34. Bxe6 Rxe6 35. bxa5 Qxa5 36. Rd6 Qc7 37. Rb6 Rxb6 38. cxb6 Qc6 39. Qa1 Qb7 40. Qa7 1-0